Indian family system : (Record no. 66937)

MARC details
000 -LEADER
fixed length control field 01526nam a22003377a 4500
005 - DATE AND TIME OF LATEST TRANSACTION
control field 20120521111131.0
008 - FIXED-LENGTH DATA ELEMENTS--GENERAL INFORMATION
fixed length control field 120521t xxu||||| |||| 00| 0 eng d
010 ## - LCCN (DPL NO)
LC control number ENG-105365
020 ## - INTERNATIONAL STANDARD BOOK NUMBER
International Standard Book Number 9788124605936
Terms of availability 700.00
020 ## - INTERNATIONAL STANDARD BOOK NUMBER
International Standard Book Number 8124605939
Terms of availability 700.00
035 ## - SYSTEM CONTROL NUMBER
System control number EN-88898
037 ## - SOURCE OF ACQUISITION
Source of stock number/acquisition DBAD/PUB
040 ## - CATALOGING SOURCE
Original cataloging agency DPL
Language of cataloging Eng
082 ## - DEWEY DECIMAL CLASSIFICATION NUMBER
Classification number 306.850954
100 ## - MAIN ENTRY--PERSONAL NAME
9 (RLIN) 47159
240 ## - UNIFORM TITLE
Uniform title <a href="Selections">Selections</a>
Language of a work Polyglot.
245 ## - TITLE STATEMENT
Title Indian family system :
Remainder of title the concept, practices, and current relevance /
Statement of responsibility, etc edited by Bal Ram Singh
260 ## - PUBLICATION, DISTRIBUTION, ETC. (IMPRINT)
Place of publication, distribution, etc New Delhi
Name of publisher, distributor, etc Center for Indic Studies, University of Massachusetts and D.K. Printworld, New Delhi
Date of publication, distribution, etc 2011
270 ## - ADDRESS
Address 'Srikunj', F-52, Bali Nagar, Ramesh Nagar Metro Station
City New Delhi
Postal code 110015
300 ## - PHYSICAL DESCRIPTION
Extent x, 251 p., [27] p. of plates :
Dimensions 23cm(Hb)
Other physical details ill. (chiefly col.), map
500 ## - GENERAL NOTE
General note Includes bibliographical references and index.
520 ## - SUMMARY, ETC.
Summary, etc Proceedings of the Symposium on the Indian Family System.
546 ## - LANGUAGE NOTE
Language note Includes verses in Sanskrit
Information code or alphabet (Devanagari and roman).
650 ## - SUBJECT ADDED ENTRY--TOPICAL TERM
Topical term or geographic name as entry element Families
Geographic subdivision India
9 (RLIN) 47536
Form subdivision Congresses.
650 ## - SUBJECT ADDED ENTRY--TOPICAL TERM
Topical term or geographic name as entry element Joint families
Geographic subdivision India
Form subdivision Congresses.
9 (RLIN) 47539
650 ## - SUBJECT ADDED ENTRY--TOPICAL TERM
Topical term or geographic name as entry element Hindu civilization
Form subdivision Congresses.
9 (RLIN) 47540
700 ## - ADDED ENTRY--PERSONAL NAME
Personal name Bal Ram Singh
9 (RLIN) 47541
710 ## - ADDED ENTRY--CORPORATE NAME
Corporate name or jurisdiction name as entry element University of Massachusetts Dartmouth
Subordinate unit Center for Indic Studies.
9 (RLIN) 47542
942 ## - ADDED ENTRY ELEMENTS (KOHA)
Source of classification or shelving scheme Dewey Decimal Classification
Item type English Books
Call number suffix IND
Classification part 306.850954
Holdings
Withdrawn status Lost status Source of classification or shelving scheme Damaged status Not for loan Collection code Home library Current library Date acquired Source of acquisition Cost, normal purchase price Total Checkouts Full call number Barcode Date last seen Copy number Cost, replacement price Koha item type
    Dewey Decimal Classification   Not For Loan Non-fiction D.B.Act.Division D.B.Act.Division 21/05/2012 DBAD/PUB 700.00   306.850954 IND EN-88898 21/05/2012 1 700.00 English Books

© Delhi Public Library
Hit Counter
free hit counter